| 000 | 00796nam a2200253Ia 4500 | ||
|---|---|---|---|
| 003 | GCL | ||
| 008 | 140319s9999 xx 000 0 ara d | ||
| 040 |
_aGCL / _cGCL |
||
| 082 | 0 | 4 |
_a320.30 _bا م |
| 100 | 1 | _aاحمد سويلم العمرى | |
| 245 | 1 | 0 |
_aمعجم العلوم السياسية الميسر / _cاحمد سويلم العمرى |
| 260 |
_a[S.N] : _bالهيئة المصرية العامة للكتاب ، _c1985 |
||
| 300 | _a247 ص | ||
| 490 | _a | ||
| 650 | 0 | 4 | _aالسياسة |
| 650 | 0 | 4 | _aنظريات |
| 650 | 0 | 4 | _aالسياسة الخارجية |
| 650 | 0 | 4 | _aالقواميس |
| 650 | 0 | 4 | _aالمؤسسات الاجتماعية |
| 650 | 0 | 4 | _aراس المال |
| 650 | 0 | 4 | _aالحريات العامة |
| 650 | 0 | 4 | _aالمؤسسات |
| 942 |
_2ddc _cBK |
||
| 999 |
_c30614 _d30614 |
||